000 00695nam a2200277Ia 4500
005 20260324113000.0
008 008 260324s9999 xx 000 0 eng d
020 _a9781003477907
037 _aEBOOK
040 _aCRL
040 _beng
040 _cCRL
041 _2eng
041 _aeng
084 _qCRL
100 _aZeyu Wang; Weijian Liu; Hongmeng Chen
_91144944
245 0 _aAdaptive Detection for Multichannel Signals in Non-Ideal Environments
260 _bTaylor and Francis
260 _c2024
365 _a
365 _b180
856 _uhttp://www.taylorfrancis.com/books/9781003477907
942 _cEBOOK
999 _c1734354
_d1734354